Breve rosario di Sodoma /

Uloženo v:
Podrobná bibliografie
Hlavní autor: Montana, Piero
Médium: Kniha
Jazyk:italština
Vydáno: Bagheria Abraxas stampa 2001
Tagy: Přidat tag
Žádné tagy, Buďte první, kdo vytvoří štítek k tomuto záznamu!

MARC

LEADER 00000nam a22000007i 4500
001 CDOM0000001119
003 mi
005 20250818220128.0
008 051219s2004 it |||||| ||||| |||||c
040 |c mi 
041 |a ita 
100 |a Montana, Piero 
245 1 |a Breve rosario di Sodoma /  |c Piero Montana 
260 |a Bagheria  |b Abraxas  |c stampa 2001 
300 |a 93 p.  |c 19 cm. 
500 |a Copia di "Breve rosario di Sodoma" vietata rigorosamente al pubblico e riservata all'esclusiva lettura di critici, giornalisti, editori per recensioni ed eventuali edizioni da autorizzare. 
942 |2 ddc  |c BK 
952 |0 0  |1 0  |2 ddc  |4 0  |6 B_LPS01MONPIBRE11  |7 1  |9 5306  |a MI  |b MI  |d 2001-02-23  |i 4776  |l 0  |o B-LPS01-MONPI-BRE11  |p CDOM4776  |r 2025-07-13 16:27:56  |w 2025-07-13  |x DONO CON DEDICA DELL'AUTORE  |y BK 
952 |0 0  |1 0  |2 ddc  |4 0  |6 B_LPS01MONPIBRE12  |7 0  |9 5307  |a MI  |b MI  |d 2005-08-22  |i 4761  |l 0  |o B-LPS01-MONPI-BRE12  |p CDOM4761  |r 2025-07-13 16:27:56  |w 2025-07-13  |x DONO DELL'AUTORE  |y BK 
999 |c 4238  |d 4238